Criminal Law : (Record no. 18703)
[ view plain ]
| 000 -LEADER | |
|---|---|
| fixed length control field | 00509nam a22001937a 4500 |
| 005 - DATE & TIME | |
| control field | 20260415195533.0 |
| 008 - FIXED-LENGTH DATA ELEMENTS--GENERAL INFORMATION | |
| fixed length control field | 260415b |||||||| |||| 00| 0 eng d |
| 020 ## - ISBN | |
| International Standard Book Number | 9789349015678 |
| 040 ## - CATALOGING SOURCE | |
| Original cataloging agency | NLUO |
| 041 ## - LANGUAGE | |
| Language | English |
| 082 ## - DDC NUMBER | |
| Classification number | 345.54 |
| Book Number | VIB/PSA |
| 100 ## - MAIN ENTRY--PERSONAL NAME | |
| Personal name | PilIiai, P. S. A. |
| 245 ## - TITLE STATEMENT | |
| Title | Criminal Law : |
| Sub Title | in accordance with the bharatiya nyaya sanhita, 2023 |
| 250 ## - EDITION STATEMENT | |
| Edition statement | 16th ed. |
| 260 ## - PUBLICATION, DISTRIBUTION, ETC. (IMPRINT) | |
| Place of publication, distribution, etc | Haryana : |
| Name of publisher, distributor, etc | LexisNexis, |
| Date of publication, distribution, etc | 2025. |
| 300 ## - PHYSICAL DESCRIPTION | |
| Pages | 850 p. |
| 650 ## - SUBJECT | |
| Subject | Criminal law.--India |
| 942 ## - ADDED ENTRY ELEMENTS (KOHA) | |
| Koha item type | Book |
| Withdrawn status | Lost status | Source of classification or shelving scheme | Damaged status | Not for loan | Location (home branch) | Sublocation or collection (holding branch) | Date acquired | Koha issues (times borrowed) | Koha full call number | Barcode (Accession No.) | Koha date last seen | Price effective from | Koha item type |
|---|---|---|---|---|---|---|---|---|---|---|---|---|---|
| Dewey Decimal Classification | NLUO | NLUO | 15/04/2026 | 345.54 VIB/PSA | 15892 | 15/04/2026 | 15/04/2026 | Book | |||||
| Dewey Decimal Classification | NLUO | NLUO | 15/04/2026 | 345.54 VIB/PSA | 15893 | 15/04/2026 | 15/04/2026 | Book | |||||
| Dewey Decimal Classification | NLUO | NLUO | 15/04/2026 | 345.54 VIB/PSA | 15894 | 15/04/2026 | 15/04/2026 | Book |